ბათუმის შოთა რუსთაველის სახელმწიფო უნივერსიტეტის ბიბლიოთეკა

რომაული პოეზია (ბიბ.ჩანაწერი № 49326)

000 -LEADER
fixed length control field 01105nam a2200217Ia 4500
001 - CONTROL NUMBER
control field 16242
003 - CONTROL NUMBER IDENTIFIER
control field GE_BSU
008 - FIXED-LENGTH DATA ELEMENTS--GENERAL INFORMATION
fixed length control field 181216s||||||||xx |||||||||||||| ||und||
020 ## - INTERNATIONAL STANDARD BOOK NUMBER
International Standard Book Number ISBN 978-9941-15-827
040 ## - CATALOGING SOURCE
Transcribing agency GE_BSU
245 ## - TITLE STATEMENT
Title რომაული პოეზია
245 ## - TITLE STATEMENT
Statement of responsibility, etc. მთარგმნ.: აკაკი ურუშაძე, ეკატერინე კობახიძე, თამარ კალატოზი, იამზე გაგუა,მარინა იმნაძე,მანანა ღარიბაშვილი, სერიის მთ. რედ. და შემდგ. ემზარ გოგუაძე,რედ:ნანა ტონია,დიზაინერი :ია მახათაძე
260 ## - PUBLICATION, DISTRIBUTION, ETC.
Place of publication, distribution, etc. თბილისი
260 ## - PUBLICATION, DISTRIBUTION, ETC.
Name of publisher, distributor, etc. ბაკურ სულაკაურის გამ-ბა,
260 ## - PUBLICATION, DISTRIBUTION, ETC.
Date of publication, distribution, etc. 2013
300 ## - PHYSICAL DESCRIPTION
Extent 344 გვ. 22 სმ.
653 ## - INDEX TERM--UNCONTROLLED
Uncontrolled term ანტიკური მწერლობა
653 ## - INDEX TERM--UNCONTROLLED
Uncontrolled term რომაული პოეზია
942 ## - ADDED ENTRY ELEMENTS (KOHA)
Koha item type წიგნი
ეგზემპლარები
Withdrawn status Lost status Damaged status Not for loan Date acquired Barcode Date last seen Price effective from Koha item type
        2018-12-17 40038 2018-12-17 2018-12-17 წიგნი